000 00975nam a22003017a 4500
001 00765
003 DO-SdBNP
005 20180130093108.0
007 00765
008 160707b 1991 cu ||||| |||| 00| 0 spa d
040 _aBPMSU
_bspa
_cBPMSU
082 4 _a843.8
_bV531isla
100 1 _aVerne, Julio,
_d1828-1905.
245 1 3 _aLa isla misteriosa /
_cJulio Verne ; edición Yolanda Borlado Vázquez
260 _aHabana, Cuba :
_bGente nueva,
_c1991.
300 _a2 v. :
_c18 cm.
490 1 _aBiblioteca juvenil. Aventuras
500 _aIncluye datos biográficos del autor.
650 4 _aNOVELA JUVENIL FRANCESA
650 4 _aLITERATURA JUVENIL FRANCESA
700 1 2 _aBorlado Vázquez, Yolanda,
_eed.
700 1 2 _aBernard de Ferrer, Genoveva,
_dtr.
830 0 _aBiblioteca juvenil
_pAventuras
910 _aValidado. Control de calidad MFF
942 _2ddc
_cBK
945 _a Inventariado extranjero / 2017 VM
956 _aBTAVÁREZ
_b10
_c20161106
_d00765
999 _c10810
_d10810